[Event "COL Intercollegiate-chT U18 Girls"]
[Site "Palmira"]
[Date "2017.10.21"]
[Round "5.7"]
[White "Rodas Jaramillo, Nathaly"]
[Black "Pan Cano, Anyi Daniela"]
[Result "1-0"]
[WhiteElo "1308"]
[BlackElo "1552"]
[PlyCount "69"]
[EventDate "2017.10.19"]
[EventType "swiss"]
[EventRounds "12"]
[EventCountry "COL"]
[SourceTitle "CBM 181 Extra"]
[Source "ChessBase"]
[SourceDate "2017.12.12"]
[SourceVersion "1"]
[SourceVersionDate "2017.12.12"]
[SourceQuality "1"]

1. d4 e6 2. e4 g6 3. e5 b6 4. Qf3 c6 5. Nh3 Ne7 6. Ng5 Nf5 7. g4 Bh6 8. h4 d5 9. exd6 Bg7 10. gxf5 Bxd4 11. fxg6 Qf6 12. gxf7+ Kd8 13. Rh3 Nd7 14. c3 Qe5+ 15. Ne4 Bb7 16. Rg3 c5 17. Rg8+ Nf8 18. cxd4 cxd4 19. Bg5+ Kd7 20. Bf6 Qxe4+ 21. Qxe4 Bxe4 22. Rxh8 Rc8 23. Bb5+ Kxd6 24. Bg7 Rc1+ 25. Kd2 Rc2+ 26. Ke1 Rc1+ 27. Ke2 Rc2+ 28. Nd2 Bg6 29. Bd3 Bh5+ 30. f3 Rxb2 31. Bxf8+ Ke5 32. Bg7+ Kd5 33. f8Q Kc6 34. Rc1+ Kd5 35. Be4# 1-0

[Event "COL-ch Superate fin-B Girls"]
[Site "Bogota"]
[Date "2016.11.17"]
[Round "3.4"]
[White "Rodas Jaramillo, Nathaly"]
[Black "Tovar Meza, Lina"]
[Result "0-1"]
[WhiteElo "1463"]
[BlackElo "1273"]
[PlyCount "96"]
[EventDate "2016.11.17"]
[EventType "swiss (rapid)"]
[EventRounds "5"]
[EventCountry "COL"]
[SourceTitle "EXT 2024"]
[Source "ChessBase"]
[SourceDate "2023.10.10"]
[SourceVersion "1"]
[SourceVersionDate "2023.10.10"]
[SourceQuality "1"]

1. e4 c5 2. Nf3 d6 3. Nc3 Nf6 4. d3 e6 5. g3 Be7 6. Bg2 a6 7. e5 dxe5 8. Nxe5 Qc7 9. Bf4 Bd6 10. Qe2 0-0 11. 0-0 Ra7 12. Ne4 Nxe4 13. Qxe4 b5 14. c3 Bb7 15. Qe3 Bxg2 16. Kxg2 f6 17. Ng4 e5 18. Bh6 gxh6 19. Qxh6 Qg7 20. Qxg7+ Rxg7 21. Nh6+ Kh8 22. Nf5 Rd7 23. d4 cxd4 24. cxd4 exd4 25. Nxd4 Be5 26. Ne6 Rc8 27. Rac1 Rc6 28. Rxc6 Nxc6 29. Rc1 Ne7 30. Nf8 Rc7 31. Re1 Nc6 32. f4 Bd6 33. Ne6 Re7 34. Nf8 Rxe1 35. h4 Bxf8 36. Kh3 h5 37. g4 Re3+ 38. Kg2 hxg4 39. Kh2 Bd6 40. Kg2 Rf3 41. h5 Kh7 42. f5 Kh6 43. Kg1 Ne5 44. b4 Nd3 45. a4 Bxb4 46. a5 Bc5+ 47. Kh1 Ne1 48. Kh2 Rh3# 0-1

[Event "COL-ch Superate A (Women)"]
[Site "Colombia"]
[Date "2015.10.18"]
[Round "2.6"]
[White "Diaz, Luisa Fernanda"]
[Black "Rodas Jaramillo, Nathaly"]
[Result "1-0"]
[WhiteElo "1488"]
[BlackElo "1407"]
[PlyCount "89"]
[EventDate "2015.10.18"]
[EventType "swiss (blitz)"]
[EventRounds "12"]
[EventCountry "COL"]
[SourceTitle "EXT 2024"]
[Source "ChessBase"]
[SourceDate "2023.10.10"]
[SourceVersion "1"]
[SourceVersionDate "2023.10.10"]
[SourceQuality "1"]

1. e4 Nc6 2. d4 d5 3. exd5 Qxd5 4. Be3 e5 5. Nc3 Qd7 6. dxe5 Qxd1+ 7. Rxd1 Bf5 8. Bd3 Bxd3 9. Rxd3 Nxe5 10. Rd1 Nf6 11. Nge2 Bb4 12. 0-0 0-0 13. Bf4 Nc4 14. b3 Nd6 15. Nd5 Nxd5 16. Rxd5 Rad8 17. Rfd1 h6 18. c3 Bc5 19. Rxc5 Ne4 20. Rcd5 Rxd5 21. Rxd5 Re8 22. f3 Nf6 23. Rd2 Nh5 24. Bxc7 Nf6 25. Ng3 b6 26. Bf4 g5 27. Bd6 Rd8 28. Ne4 Nxe4 29. fxe4 Kg7 30. c4 Kg6 31. Bb4 Rxd2 32. Bxd2 a5 33. b4 axb4 34. Bxb4 Kf6 35. c5 bxc5 36. Bxc5 Ke5 37. a4 Kxe4 38. a5 Kd5 39. Bf8 Kc6 40. a6 Kb6 41. Bxh6 Kxa6 42. Bxg5 Kb6 43. h4 Kc6 44. h5 Kd6 45. h6 1-0

[Event "COL-ch Superate A (Women)"]
[Site "Colombia"]
[Date "2015.10.18"]
[Round "7.5"]
[White "Rodas Jaramillo, Nathaly"]
[Black "Bernal Parra, Eliana Valentina"]
[Result "0-1"]
[WhiteElo "1407"]
[BlackElo "1485"]
[PlyCount "84"]
[EventDate "2015.10.18"]
[EventType "swiss (blitz)"]
[EventRounds "12"]
[EventCountry "COL"]
[SourceTitle "EXT 2024"]
[Source "ChessBase"]
[SourceDate "2023.10.10"]
[SourceVersion "1"]
[SourceVersionDate "2023.10.10"]
[SourceQuality "1"]

1. e4 c5 2. Nf3 Nc6 3. g3 d6 4. Bg2 Nf6 5. 0-0 g6 6. Nc3 Bg7 7. d4 cxd4 8. Nxd4 0-0 9. Nxc6 bxc6 10. Bg5 Bb7 11. f4 c5 12. e5 dxe5 13. Qxd8 Raxd8 14. Bxf6 exf6 15. Rad1 Bxg2 16. Kxg2 exf4 17. gxf4 f5 18. h4 Rd4 19. Rxd4 cxd4 20. Nd5 Rd8 21. Ne7+ Kf8 22. Re1 Re8 23. b4 Rxe7 24. Rxe7 Kxe7 25. Kf3 Kd6 26. Ke2 Kc6 27. Kd3 Kb5 28. a3 Ka4 29. Kc4 Kxa3 30. Kc5 Ka4 31. b5 Ka5 32. Kc4 a6 33. bxa6 Kxa6 34. Kb4 Kb6 35. Kc4 Kc6 36. Kb4 Bf8+ 37. Kc4 Bg7 38. Kb4 Kd5 39. Kb3 Ke4 40. Kc4 Kxf4 41. Kd5 Ke3 42. Kc4 f4 0-1

[Event "COL-ch Superate A (Women)"]
[Site "Colombia"]
[Date "2015.10.18"]
[Round "1.6"]
[White "Rodas Jaramillo, Nathaly"]
[Black "Diaz, Luisa Fernanda"]
[Result "0-1"]
[WhiteElo "1407"]
[BlackElo "1488"]
[PlyCount "44"]
[EventDate "2015.10.18"]
[EventType "swiss (blitz)"]
[EventRounds "12"]
[EventCountry "COL"]
[SourceTitle "EXT 2024"]
[Source "ChessBase"]
[SourceDate "2023.10.10"]
[SourceVersion "1"]
[SourceVersionDate "2023.10.10"]
[SourceQuality "1"]

1. e4 c5 2. Nf3 e6 3. Nc3 Qc7 4. d4 cxd4 5. Qxd4 Nc6 6. Qd2 a6 7. Nd4 b5 8. Nxc6 Qxc6 9. a4 b4 10. Ne2 Bb7 11. f3 Rc8 12. c3 bxc3 13. bxc3 Nf6 14. e5 Nd5 15. Bb2 Be7 16. g3 0-0 17. Bg2 d6 18. exd6 Bxd6 19. 0-0 Bc5+ 20. Kh1 Ne3 21. Rfe1 Nxg2 22. Kxg2 Qxf3+ 0-1

[Event "Bogota Superate Intercol (Women)"]
[Site "Bogota"]
[Date "2014.10.22"]
[Round "4.10"]
[White "Arenas, Paula"]
[Black "Rodas Jaramillo, Nathaly"]
[Result "0-1"]
[WhiteElo "1492"]
[BlackElo "1321"]
[PlyCount "48"]
[EventDate "2014.10.21"]
[EventType "swiss"]
[EventRounds "5"]
[EventCountry "COL"]
[SourceTitle "EXT 2024"]
[Source "ChessBase"]
[SourceDate "2023.10.10"]
[SourceVersion "1"]
[SourceVersionDate "2023.10.10"]
[SourceQuality "1"]

1. e4 e5 2. Nf3 Nc6 3. Nc3 Nf6 4. Bc4 Bc5 5. d3 d6 6. 0-0 0-0 7. Bg5 Nd4 8. Nxd4 exd4 9. Ne2 Be6 10. Nf4 Bxc4 11. dxc4 h6 12. Bh4 g5 13. Bg3 gxf4 14. Bxf4 Kh7 15. e5 dxe5 16. Bxe5 Rg8 17. Qd3+ Kh8 18. Qf5 Rg6 19. Rfe1 Qe7 20. h4 Rag8 21. Qh5 Kh7 22. Qe2 Qd7 23. Kf1 Qh3 24. gxh3 Rg1# 0-1

[Event "Manizales zt U14 integr Centro (Women)"]
[Site "Manizales"]
[Date "2014.05.15"]
[Round "1.3"]
[White "Arcila, Sofia"]
[Black "Rodas Jaramillo, Nathaly"]
[Result "1-0"]
[WhiteElo "1520"]
[BlackElo "1323"]
[PlyCount "26"]
[EventDate "2014.05.15"]
[EventType "swiss"]
[EventRounds "6"]
[EventCountry "COL"]
[SourceTitle "EXT 2024"]
[Source "ChessBase"]
[SourceDate "2023.10.10"]
[SourceVersion "1"]
[SourceVersionDate "2023.10.10"]
[SourceQuality "1"]

1. e4 e5 2. Nf3 Nc6 3. Bb5 Nge7 4. 0-0 g6 5. d4 Bg7 6. Be3 0-0 7. Nc3 d6 8. Qd2 f5 9. Bh6 f4 10. Bxg7 Kxg7 11. d5 Nb8 12. Rac1 c6 13. dxc6 Nexc6 1-0

[Event "Risaralda Province-ch"]
[Site "Pereira"]
[Date "2013.11.27"]
[Round "1"]
[White "Mejia, Yesica"]
[Black "Rodas Jaramillo, Nathaly"]
[Result "1-0"]
[WhiteElo "1873"]
[BlackElo "1441"]
[PlyCount "41"]
[EventDate "2013.11.27"]
[EventType "swiss"]
[EventRounds "7"]
[EventCountry "COL"]
[SourceTitle "EXT 2018"]
[Source "ChessBase"]
[SourceDate "2017.10.13"]
[SourceVersion "1"]
[SourceVersionDate "2017.10.13"]
[SourceQuality "1"]

1. e4 e5 2. Nf3 Nf6 3. Nc3 Nc6 4. Bc4 Bd6 5. Ng5 0-0 6. 0-0 a6 7. d3 Bc5 8. Nf3 d6 9. Bg5 b5 10. Bb3 Be6 11. Nd5 Re8 12. Nh4 h6 13. Nxf6+ gxf6 14. Bxh6 f5 15. Nxf5 Bxf5 16. exf5 Qh4 17. Qd2 Kh7 18. Bg5 Qh5 19. Bd5 Rg8 20. h4 Raf8 21. Bxc6 1-0

[Event "Central Region-ch U14 Girls"]
[Site "Dosquebradas"]
[Date "2013.03.23"]
[Round "4.4"]
[White "Londono Rodriguez, Elizabeth"]
[Black "Rodas Jaramillo, Nathaly"]
[Result "0-1"]
[WhiteElo "1594"]
[BlackElo "1500"]
[PlyCount "22"]
[EventDate "2013.03.22"]
[EventType "swiss"]
[EventRounds "5"]
[EventCountry "COL"]
[SourceTitle "EXT 2024"]
[Source "ChessBase"]
[SourceDate "2023.10.10"]
[SourceVersion "1"]
[SourceVersionDate "2023.10.10"]
[SourceQuality "1"]

1. e4 e5 2. Nf3 Nf6 3. Nc3 Bc5 4. Bc4 d6 5. h3 h6 6. a3 a6 7. b4 Bb6 8. d3 0-0 9. Bb2 Nfd7 10. 0-0 c5 11. bxc5 Bxc5 0-1

[Event "Central Region-ch U14 Girls"]
[Site "Dosquebradas"]
[Date "2013.03.23"]
[Round "3.4"]
[White "Rodas Jaramillo, Nathaly"]
[Black "Diaz, Luisa Fernanda"]
[Result "0-1"]
[WhiteElo "1500"]
[BlackElo "1464"]
[PlyCount "68"]
[EventDate "2013.03.22"]
[EventType "swiss"]
[EventRounds "5"]
[EventCountry "COL"]
[SourceTitle "EXT 2024"]
[Source "ChessBase"]
[SourceDate "2023.10.10"]
[SourceVersion "1"]
[SourceVersionDate "2023.10.10"]
[SourceQuality "1"]

1. d4 Nf6 2. c3 g6 3. e4 Nxe4 4. f3 Nf6 5. Ne2 Bg7 6. a4 d5 7. Bg5 Nbd7 8. g3 b6 9. Bxf6 Nxf6 10. Nf4 0-0 11. Nd2 Re8 12. g4 e5 13. Nd3 exd4+ 14. Be2 dxc3 15. bxc3 Ba6 16. 0-0 Bxd3 17. Bxd3 d4 18. Nb3 dxc3 19. Bb5 Qxd1 20. Raxd1 Re5 21. Nd4 Nd5 22. Bc6 Rd8 23. f4 Re4 24. Ne2 Rxe2 25. Bxd5 c2 26. Rd3 c6 27. Be4 Rxd3 28. Bxd3 Rd2 29. Be4 Bd4+ 30. Kh1 Rd1 31. Kg2 c1Q 32. Bf3 Rxf1 33. Be2 Rg1+ 34. Kf3 Qe3# 0-1